| 000 | 00547nam a2200157 a 4500 | ||
|---|---|---|---|
| 005 | 20140412111250.0 | ||
| 008 | 000825s19uu xx 00 eng d | ||
| 020 | _a0-590-50213-1 | ||
| 050 |
_aM 808.83 _bC37 1988 |
||
| 100 | _aCarle, Eric | ||
| 245 |
_aEric Carl's treasury of classic stories for children: _bby Aesop, Hans Christian Andersen and the Brothers Grimm / _cretold and illustrated by Eric Carle. |
||
| 260 |
_aNew York : _bScholastic Inc, _c1988. |
||
| 300 | _a154 p. ; ill. | ||
| 650 | _aChildren's stories-Fiction | ||
| 999 |
_c103132 _d103132 |
||